Finančný manažment zbierka príkladov

Salvato in:
Dettagli Bibliografici
Autore principale: Kráľovič, Jozef
Ente Autore: Ekonomická univerzita v Bratislave. Fakulta podnikového manažmentu
Altri autori: Polednáková, Anna, 1957-
Natura: Libro
Lingua:slovacco
Pubblicazione: Bratislava Vydavateľstvo EKONÓM 2001
Soggetti:
Tags: Aggiungi Tag
Nessun Tag, puoi essere il primo ad aggiungerne!!

MARC

LEADER 00000nam a2200000 4500
001 c123928
005 20221124090058.6
020 |a 80-225-1301-6 
041 0 |a slo 
044 |a SK 
245 1 0 |a Finančný manažment  |b zbierka príkladov  |c Jozef Kráľovič, Anna Polednáková 
264 1 |a Bratislava  |b Vydavateľstvo EKONÓM  |c 2001 
300 |a 149 s. 
610 2 0 |a financie 
610 2 0 |a manažment finančný 
610 2 0 |a rozvoj podniku 
610 2 0 |a projekty organizačné 
610 2 0 |a kapitál 
610 2 0 |a investície finančné 
610 2 0 |a portfólio 
610 2 0 |a štruktúra podniku finančná 
610 2 0 |a deriváty 
610 2 0 |a dividendy 
610 2 0 |a plánovanie podnikové 
610 2 0 |a manažment medzinárodný 
100 1 |a Kráľovič, Jozef 
700 1 |a Polednáková, Anna, 1957- 
710 2 |a Ekonomická univerzita v Bratislave. Fakulta podnikového manažmentu